LIBRARY & INFORMATION CENTRE, KCAET, TAVANUR

ONLINE PUBLIC ACCESS CATALOGUE (OPAC)

Principles and Practice of Irrigation Engineering (Record no. 19034)

MARC details
000 -LEADER
fixed length control field 00340nam a22001337a 4500
003 - CONTROL NUMBER IDENTIFIER
control field OSt
008 - FIXED-LENGTH DATA ELEMENTS--GENERAL INFORMATION
fixed length control field 250116b |||||||| |||| 00| 0 eng d
041 ## - LANGUAGE CODE
Language code of text/sound track or separate title eng
082 ## - DEWEY DECIMAL CLASSIFICATION NUMBER
Classification number 631.587
100 ## - MAIN ENTRY--AUTHOR NAME
Personal name Sharma, SK
245 ## - TITLE STATEMENT
Title Principles and Practice of Irrigation Engineering
260 ## - PUBLICATION, DISTRIBUTION, ETC. (IMPRINT)
Place of publication New Delhi:
Name of publisher S Chand & Co Ltd,
Year of publication 1984.
942 ## - ADDED ENTRY ELEMENTS (KOHA)
Koha item type Books
Holdings
Withdrawn status Lost status Damaged status Home library Current library Date acquired Source of acquisition Cost, normal purchase price Full call number Accession Number Koha item type
Withdrawn     KAUAET KAUAET 16/01/2025 Standard Book House, Thrissur. 40.00 631.587 15371 Books
free website counter